A carregar...
Aadhunika saasthravum aathmajnanavum
| Autor principal: | |
|---|---|
| Formato: | Printed Book |
| Publicado em: |
1983
|
| LEADER | 003960000a22001210004500 | ||
|---|---|---|---|
| 040 | |a MAL | ||
| 082 | |a A4 BHA1/A M3 | ||
| 100 | |a Bhaskaran Nair, K | ||
| 245 | |a Aadhunika saasthravum aathmajnanavum | ||
| 260 | |c 1983 | ||
| 465 | |a R 25 | ||
| 999 | |c 26877 |d 26877 | ||
| 952 | |0 0 |1 0 |4 0 |6 A_000000000000000_4_BHA1A_M3 |7 0 |8 MAL |9 26714 |a MGUL |b MGUL |d 2013-07-16 |e R 25 |l 1 |o A4 BHA1/A M3 |p 09625 |r 2014-01-20 |s 2014-01-08 |w 2013-07-16 |y BK | ||